| 000 | 00439cam a2200193 4500 | ||
|---|---|---|---|
| 001 | D10034 | ||
| 008 | 090401t1897 xxu||||| |||| 00| 0 eng d | ||
| 035 | _a(Sirsi) u1432 | ||
| 041 | _aeng | ||
| 050 | _a346.410434 | ||
| 100 | _aWright, Sidney | ||
| 245 | _aFixtures: law and practice | ||
| 250 | _a2nd | ||
| 260 |
_aLondon _bFrank P Wilson _c1897 |
||
| 300 | _aviii. 188p. 18cm | ||
| 350 | _a0 | ||
| 942 | _n0 | ||
| 948 | _c04/03/1997 | ||
| 999 |
_c85668 _d85668 |
||